000 00193 a2200097 4500
001 28672
100 _aWilson, D H
245 _aHydrodynamics
260 _a
_bArnold
_c
090 _c19157
_d19157
942 _aNUST-CAE
_cM
_c10177
999 _c263745
_d263745